Bimbingan & kaunseling kanak-kanak

Bibliographic Details
Main Author: Khoo, Bee Lee Dr (Author)
Format: Book
Language:Malay
Published: Petaling Jaya, Selangor : Sasbadi Sdn. Bhd. 2016
Subjects:

MARC

LEADER 00000cam a2200000 7i4500
001 0000028440
005 20241122.0
008 190416 my o may
022 |a 9789835982743 
040 |a INS   |b eng   |e rda 
090 0 0 |a LB1027.5   |b K45 2014 
100 1 |a Khoo, Bee Lee   |c Dr. ,   |e author 
245 1 0 |a Bimbingan & kaunseling kanak-kanak   |c Dr. Khoo Bee Lee 
264 1 |a Petaling Jaya, Selangor :   |b Sasbadi Sdn. Bhd.   |c 2016 
300 |a 185 pages :   |b illustrations, black and white photographs ;   |c 21 cm. 
336 |a text  |2 rdacontent 
337 |a unmediated  |2 rdamedia 
338 |a volume  |2 rdacarrier 
504 |a Includes bibliographical references. Pages 182-185 
650 0 |a Child psychology 
650 0 |a Children   |x Counseling of 
999 |a 1000003698   |b BOOK   |c Open Shelf   |e Default branch